01480nam a22003731 4500001001000000003000900010005001700019007001000036008002300046017000900069020001800078035000600096040002200102082002800124100003700152245010400189260005300293300002700346490002200373500000600395590002600401650004700427650003400474700004700508700005000555710003200605900000600637910004000643942001200683952012800695952013300823952013300956999001701089 01107648DO-SdBNP20240614121904.0 01107648920725s2007 cl spa  a b  a9780847704514 a  aBPMSUbspacBPMSU 4aPR863.5bR696m 20072221 aRodríguez Salazar, Saremmy d 14aMelvin el marciano viajero /c Saremmy Rodríguez salazar ; ilustraciones Dennis Villanuevab h  aColombia : bUniversidad de Puerto Rico, c2007 a21 p. :bil,. ;c27 cm0 aSerie Dos leguas  a  aInventariado, 2025/VM 4aCuentos infantiles puertorriqueñosv 2  4aLibros ilustrados infantiles 1 aVillanueva, Denniseilustración d 1973-1 aÁlvarez Astacio, Mrinali eilustraciónd 2 aUniversidad de Puerto Rico  6  aVMateo V. Control de calidad. BPMSU 2ddccBK 00102ddc40708CI-GaBPMETbBPMETd2025-06-13l0oBPMSU CGI PR863.5 R696m 2007pBPMSU24060046r2024-06-14w2024-06-14yBK 00102ddc40708CI-GaBPMETbBPMETd2025-06-13l0oBPMSU CGI PR863.5 R696m 2007pBPMSU24060047r2024-06-14te.2w2024-06-14yBK 00102ddc40708CI-GaBPMETbBPMETd2025-06-13l0oBPMSU CGI PR863.5 R696m 2007pBPMSU24060048r2024-06-14te.3w2024-06-14yBK c14672d14672